000 00619naa a2200205 4500
001 19858
003 OSt
005 20240829111153.0
007 tu
008 180917|||||||||||| ger
040 _aDE-2950
_cDE-2950
245 0 0 _aDie Führungselite in Frankfurt (Oder) am Ende der NS-Zeit. Teil 1 /
_cWolfgang Buwert
260 _c2024
546 _adeutsch
653 _aFrankfurt (Oder) 1933-1945
653 _aNationalsozialismus
653 _aFührungskraft
773 0 _dFrankfurt (Oder)
_gHeft 1/ 2024, S. 8-35
_tMitteilungen Historischer Verein zu Frankfurt (Oder) e. V
_w11310
942 _2z
_cA
999 _c373305
_d373305